| 000 | 00763nam a2200289Ia 4500 | ||
|---|---|---|---|
| 001 | 67202 | ||
| 003 | IT-RoPAU | ||
| 008 | 130308s9999 xx 000 0 und d | ||
| 040 | _aIT-RoPAU | ||
| 040 | _cIT-RoPAU | ||
| 041 | _aITALIANO | ||
| 100 | _aVerdone Mario | ||
| 100 | _gCodice Aut. SPICS: 86 | ||
| 245 | _aPreistoria del film storico | ||
| 245 | _bFilm Storico Italiano e la Sua Influenza Sugli Altri Paesi | ||
| 250 | _a1a ed. | ||
| 260 | _aROMA | ||
| 260 | _bBianco E Nero | ||
| 260 | _c1963 [1° Ed.:1963 - Ed.Ling.Originale:1962] | ||
| 300 | _a"5 p. (prefazione: no ; testo: 5 [pagine: 20-24])" | ||
| 650 | _aSAGGI SUL CINEMA | ||
| 650 | _eCodice materia Spics: 6811 | ||
| 942 | _cBK | ||
| 957 | _71 | ||
| 999 |
_c55704 _d55704 |
||
| 999 | _bSI | ||
| 999 | _g1 | ||